|
|
|
|
| LEADER |
00926nam a2200253 a 4500 |
| 001 |
1682716 |
| 008 |
100106s1998 ii b 001 0 eng d |
| 010 |
|
|
|a 98902564
|
| 020 |
|
|
|a 8186706003
|
| 040 |
|
|
|a DLC
|c DLC
|
| 082 |
0 |
0 |
|a 954.04
|2 21
|
| 100 |
1 |
|
|a Menon, Ritu.
|
| 245 |
1 |
0 |
|a Borders & boundaries :
|b women in India's partition /
|c Ritu Menon & Kamla Bhasin.
|
| 246 |
3 |
|
|a Borders and boundaries
|
| 260 |
|
|
|a New Delhi :
|b Kali for Women,
|c 1998.
|
| 300 |
|
|
|a xiii, 274 p. ;
|c 23 cm.
|
| 504 |
|
|
|a Includes bibliographical references and index.
|
| 541 |
1 |
|
|e 00007526
|
| 651 |
|
0 |
|a India
|x History
|y Partition, 1947.
|
| 650 |
|
0 |
|a Women
|z India
|x History.
|
| 700 |
1 |
|
|a Bhasin, Kamla,
|d 1946-
|
| 852 |
4 |
|
|a Ayesha Abed Library
|j General shelf
|
| 999 |
|
|
|c 6762
|d 6762
|
| 952 |
|
|
|0 0
|1 0
|2 ddc
|4 0
|6 954_040000000000000_MEN_1998
|7 0
|9 6949
|a BRACUL
|b BRACUL
|c GEN
|d 2010-01-07
|l 1
|o 954.04 MEN
|p 3010007526
|r 2018-05-10
|s 2018-05-09
|t 1
|w 2010-01-07
|y BK
|